| 000 | 00964cam a22002774a 4500 | ||
|---|---|---|---|
| 001 | 16325144 | ||
| 005 | 20180823082125.0 | ||
| 008 | 100709s2010 nyua b 001 0 eng | ||
| 010 | _a 2010027697 | ||
| 020 | _a9781603290807 (hardcover : alk. paper) | ||
| 020 | _a160329080X (hardcover : alk. paper) | ||
| 020 | _a9781603290814 (pbk. : alk. paper) | ||
| 020 | _a1603290818 (pbk. : alk. paper) | ||
| 035 | _a(OCoLC)ocn642841576 | ||
| 040 |
_aDLC _cDLC _dYDX _dBTCTA _dYDXCP _dIAW _dMNW _dBWX _dCOD _dCDX _dDLC |
||
| 041 | _aeng | ||
| 080 | _a808.0711 | ||
| 082 | 0 | 0 |
_a808.0711 _222 |
| 100 | _a46 | ||
| 101 | _aEDU | ||
| 245 | 0 | 0 |
_aTeaching narrative theory / _cedited by David Herman, Brian McHale, and James Phelan. |
| 504 | _aIncludes bibliographical references and index. | ||
| 906 |
_a7 _bcbc _corignew _d1 _eecip _f20 _gy-gencatlg |
||
| 942 |
_2ddc _cBK |
||
| 999 |
_c47282 _d47282 |
||